| 000 | 00609nam a2200193Ia 4500 | ||
|---|---|---|---|
| 003 | GCL | ||
| 008 | 140319s9999 xx 000 0 ara d | ||
| 040 |
_aGCL / _cGCL |
||
| 082 | 0 | 4 |
_a809 _bم ف |
| 100 | 1 | _aمحمد عبدالسلام كفافى | |
| 245 | 1 | 0 |
_aفى الادب المقارن : دراسات فى نظرية الادب والشعر القصصى / _cمحمد عبدالسلام كفافى |
| 300 | _a555 ص | ||
| 490 | _a | ||
| 650 | 0 | 4 | _aالادب العربى |
| 650 | 0 | 4 | _aالادب اليونانى |
| 650 | 0 | 4 | _aالادب المقارن |
| 650 | 0 | 4 | _aالقصص |
| 942 |
_2ddc _cBK |
||
| 999 |
_c45890 _d45890 |
||